000 00540nam a22001457a 4500
999 _c63539
_d63539
003 Ge_BSU
005 20251031155210.0
008 251027s1993 ge ||||| |||| 00| 0 geo d
041 _ageo
080 _a657.15 ბ-98
245 _aბუღალტრული აღრიცხვის საერთაშორისო სტანდარტი ბასს 11 :
_bსამშენებლო კონტაქტები.
264 _aთბილისი,
_c1993.
300 _a28 გვ.;
_b21 სმ.
942 _2udc
_cBK